Economia de l'arc tecnològic de la regió metropolitana de Barcelona : delimitació de polis i corredors, estructura econòmica, i indicadors d'economia del coneixement / [realització: Joan Trullén i Thomàs] delimitació de polis i corredors, estructura econòmica, i indicadors d'economia del coneixement / [realització:
Publicado:
Barcelona :
Diputació de Barcelona. Àrea d'Infraestructures, Urbanisme i Habitatge ,
2003
Descripción Física:
81 p. : il., gràfics, taules, mapes ; 30 cm
Colección:
Elements de debat territorial ; 18
MARC
| LEADER | 00000nam a2200000Ia 4500 | ||
|---|---|---|---|
| 001 | 16044 | ||
| 008 | 160829s2003 xx 000 0 cat d | ||
| 080 | |a M-4-361 | ||
| 100 | |a Trullén i Thomàs, Joan |9 34661 | ||
| 245 | |a Economia de l'arc tecnològic de la regió metropolitana de Barcelona : |b delimitació de polis i corredors, estructura econòmica, i indicadors d'economia del coneixement / [realització: |b Joan Trullén i Thomàs] | ||
| 260 | |a Barcelona : |b Diputació de Barcelona. Àrea d'Infraestructures, Urbanisme i Habitatge, |c 2003 | ||
| 300 | |a 81 p. : |b il., gràfics, taules, mapes ; |c 30 cm | ||
| 490 | |a Elements de debat territorial ; 18 | ||
| 590 | |a Conté bibliografia | ||
| 650 | |a Barcelona (Àrea Metropolitana) |x Política econòmica |9 35257 | ||
| 650 | |a Barcelona (Àrea Metropolitana) |x Condicions econòmiques |9 32454 | ||
| 650 | 0 | |a Ordenació del territori |x Barcelona (Àrea Metropolitana) |9 32455 | |
| 710 | |a Barcelona (Catalunya : Província). |b Àrea d'Infraestructures, Urbanisme i Habitatge |9 13533 | ||
| 901 | |a Arxiu | ||
| 942 | |n 1 | ||
| 952 | |0 0 |1 0 |4 0 |6 M4361 |7 1 |9 45988 |a Arxiu |b Arxiu |d 2016-12-01 |l 0 |o M-4-361 |p 16044 |r 2016-12-01 00:00:00 |w 2016-12-01 |y ARXIU | ||
| 999 | |c 49489 |d 49489 | ||